France before the revolution / (Record no. 119368)
[ view plain ]
| 000 -LEADER | |
|---|---|
| fixed length control field | 01188cam a2200325 a 4500 |
| 001 - CONTROL NUMBER | |
| control field | 2071237 |
| 003 - CONTROL NUMBER IDENTIFIER | |
| control field | ARRUPE |
| 005 - DATE AND TIME OF LATEST TRANSACTION | |
| control field | 20140304020011.0 |
| 008 - FIXED-LENGTH DATA ELEMENTS--GENERAL INFORMATION | |
| fixed length control field | 941223s1995 nyu b 000 0 eng |
| 010 ## - LIBRARY OF CONGRESS CONTROL NUMBER | |
| LC control number | 94045999 |
| 020 ## - INTERNATIONAL STANDARD BOOK NUMBER | |
| International Standard Book Number | 0415119456 (pbk.) |
| 040 ## - CATALOGING SOURCE | |
| Original cataloging agency | DLC |
| Transcribing agency | DLC |
| Modifying agency | DLC |
| 043 ## - GEOGRAPHIC AREA CODE | |
| Geographic area code | e-fr--- |
| 050 00 - LIBRARY OF CONGRESS CALL NUMBER | |
| Classification number | DC131 |
| Item number | .S47 1995 |
| 082 00 - DEWEY DECIMAL CLASSIFICATION NUMBER | |
| Classification number | 944/.034 |
| Edition number | 20 |
| 300 ## - PHYSICAL DESCRIPTION | |
| Dimensions | 22 cm. |
| 100 1# - MAIN ENTRY--PERSONAL NAME | |
| Personal name | Shennan, J. H. |
| 9 (RLIN) | 6009 |
| 245 10 - TITLE STATEMENT | |
| Title | France before the revolution / |
| Statement of responsibility, etc | J.H. Shennan. |
| 250 ## - EDITION STATEMENT | |
| Edition statement | 2nd ed. |
| 260 ## - PUBLICATION, DISTRIBUTION, ETC. (IMPRINT) | |
| Place of publication, distribution, etc | London ; |
| -- | New York, N.Y. : |
| Name of publisher, distributor, etc | Routledge, |
| Date of publication, distribution, etc | 1995. |
| 300 ## - PHYSICAL DESCRIPTION | |
| Extent | ix, 48 p. ; |
| 440 #0 - SERIES STATEMENT/ADDED ENTRY--TITLE | |
| Title | Lancaster pamphlets |
| 9 (RLIN) | 6010 |
| 504 ## - BIBLIOGRAPHY, ETC. NOTE | |
| Bibliography, etc | Includes bibliographical references (p. 47-48). |
| 651 #0 - SUBJECT ADDED ENTRY--GEOGRAPHIC NAME | |
| Geographic name | France |
| General subdivision | History |
| Chronological subdivision | Louis XV, 1715-1774. |
| 9 (RLIN) | 6011 |
| 651 #0 - SUBJECT ADDED ENTRY--GEOGRAPHIC NAME | |
| Geographic name | France |
| General subdivision | History |
| Chronological subdivision | Louis XVI, 1774-1793. |
| 9 (RLIN) | 6012 |
| 651 #0 - SUBJECT ADDED ENTRY--GEOGRAPHIC NAME | |
| Geographic name | France |
| General subdivision | History |
| Chronological subdivision | Revolution, 1789-1799 |
| General subdivision | Causes. |
| 9 (RLIN) | 6013 |
| 856 42 - ELECTRONIC LOCATION AND ACCESS | |
| Materials specified | Publisher description |
| Uniform Resource Identifier | <a href="http://www.loc.gov/catdir/enhancements/fy0649/94045999-d.html">http://www.loc.gov/catdir/enhancements/fy0649/94045999-d.html</a> |
| 906 ## - LOCAL DATA ELEMENT F, LDF (RLIN) | |
| a | 7 |
| b | cbc |
| c | orignew |
| d | 1 |
| e | ocip |
| f | 19 |
| g | y-gencatlg |
| 942 ## - ADDED ENTRY ELEMENTS (KOHA) | |
| Source of classification or shelving scheme | Library of Congress Classification |
| Koha item type | Monograph ( Printed materials) |
| Koha issues (borrowed), all copies | 1 |
| Withdrawn status | Lost status | Source of classification or shelving scheme | Damaged status | Not for loan | Home library | Current library | Date acquired | Total Checkouts | Full call number | Barcode | Date last seen | Date checked out | Price effective from | Koha item type |
|---|---|---|---|---|---|---|---|---|---|---|---|---|---|---|
| Library of Congress Classification | ARRUPE LIBRARY | ARRUPE LIBRARY | 19/12/2013 | 1 | DC131 .S47 1995 | 464123207 | 04/12/2017 | 03/03/2014 | 19/12/2013 | Monograph ( Printed materials) |